000 00810nam a2200277Ia 4500
001 Para_2378
003 CHAP
008 220125s1999 xx 000 0 und d
010 _a200912
040 _cCHAP
082 _aPA 615.53 A8
100 _aÁvila, Victória
_9165748
245 _aLa botica del monasterio :
_b cómo preparar tisanas, aceites y otros remedios curativos caseros /
_c por Victoria Ávila y Eduard Arnau
260 _aBarcelona :
_bTikal
300 _a239 p.
440 _aLa medicina medieval actualizada
_9165749
650 _aFarmacología
_939762
700 _aArnau, Eduard
_9165750
901 _aPA 615.53 A8
902 _aA
905 _a0000001999 a 0000000000 00
910 _a1999
942 _cPARA
942 _cPARA
_d1
999 _c200912
_d200912